|
|
|
|
| LEADER |
01069nam a2200265 4500 |
| 001 |
c000373164 |
| 003 |
CARM |
| 005 |
00000000000000.0 |
| 008 |
710311s1970 ii b 00110 eng |
| 019 |
1 |
|
|a 432683
|5 LACONCORD2021
|
| 035 |
|
|
|a (OCoLC)126233
|5 LACONCORD2021
|
| 043 |
|
|
|a a-ii---
|
| 050 |
0 |
0 |
|a HD879.K4
|b V35
|
| 100 |
1 |
|
|a Varghese, T. C.,
|d 1932-
|
| 245 |
1 |
|
|a Agrarian change and economic consequences;
|b land tenures in Kerala, 1850-1960
|c [by] T. C. Varghese. Foreword by K. N. Raj.
|
| 260 |
|
|
|a Bombay,
|b Allied Publishers
|c [1970]
|
| 300 |
|
|
|a xiii, 275 p.
|c 23 cm.
|
| 500 |
|
|
|a "This study was accepted by the University of Delhi for the degree of Ph.D."
|
| 504 |
|
|
|a Bibliography: p. 255-260.
|
| 650 |
|
0 |
|a Land tenure
|z India
|z Kerala.
|
| 651 |
|
0 |
|a Kerala (India)
|x Rural conditions.
|
| 852 |
8 |
|
|b CARM
|h A1:AM19G0
|i B09481
|p 0431284
|f BK
|
| 082 |
0 |
4 |
|a 333.3/2/095483
|
| 999 |
f |
f |
|i e49bebc1-de5f-5dad-8812-21c6d8b7a310
|s e8ee152b-c719-528a-818d-6470a1cc4479
|
| 952 |
f |
f |
|p Can circulate
|a CAVAL
|b CAVAL
|c CAVAL
|d CARM 1 Store
|e B09481
|f A1:AM19G0
|h Other scheme
|i book
|m 0431284
|